| 000 | 00797 a2200253 4500 | ||
|---|---|---|---|
| 003 | CBULib | ||
| 005 | 20240918135631.0 | ||
| 008 | 231121b |||||||| |||| 00| 0 eng d | ||
| 020 | _a9781138027480 | ||
| 040 |
_bEnglish _cCBULib _erda |
||
| 041 | _aeng | ||
| 050 | _aNA 2542.36 Als | ||
| 100 | _aBundschuh, Jochen | ||
| 245 |
_aLow energy low carbon architecture : recent advances & future directions _c/ by Khaled A. Al-Sallal |
||
| 260 |
_bCRC Press, _c2016 _aNetherlands : |
||
| 300 | _axxxix, 267 pages : illustations | ||
| 336 |
_2rdacontent _aText | _btxt |
||
| 337 |
_2rdamedia _aUnmediated | _bn |
||
| 338 |
_2rdacarrier _aVolume _bnc |
||
| 650 | 0 |
_91073 _aSUSTAINABLE ARCHITECTURE |
|
| 650 | 0 |
_9705 _aSUSTAINABLE BUILDINGS |
|
| 700 |
_91074 _aBundschuh, Jochen |
||
| 942 |
_2lcc _c002 |
||
| 999 |
_c83320 _d83320 |
||